[Event "4th Al Ain Chess Classic"]
[Site "Al-Ain UAE"]
[Date "2015.12.30"]
[Round "9.34"]
[White "Kurbonboeva, Sarvinoz"]
[Black "Das, Sayantan"]
[Result "0-1"]
[WhiteTitle "WIM"]
[BlackTitle "IM"]
[WhiteElo "2295"]
[BlackElo "2411"]
[WhiteFideId "14201780"]
[BlackFideId "5034426"]
[EventDate "2015.12.23"]

1. d4 d5 2. c4 c6 3. Nc3 e6 4. Nf3 dxc4 5. a4 Bb4 6. e3 b5 7. Bd2 a5 8. axb5
Bxc3 9. Bxc3 cxb5 10. b3 Bb7 11. bxc4 b4 12. Bb2 Nf6 13. Bd3 Nbd7 14. O-O O-O
15. Qc2 h6 16. e4 Nh5 17. Rfe1 Nf4 18. Bf1 Qc7 19. Qd2 Ng6 20. e5 Rfd8 21. Bd3
Nb6 22. Rac1 Qe7 23. Qe3 Na4 24. Ba1 Bxf3 25. Qxf3 Rab8 26. Bc2 Nb6 27. d5 exd5
28. c5 Nc4 29. e6 Nf8 30. Qg3 fxe6 31. Bd3 b3 32. Bxc4 dxc4 33. Be5 Rb4 34. c6
Qg5 35. c7 Rc8 36. Qf3 Rb5 37. Bd6 Qd5 38. Qg3 b2 39. Rb1 Rb3 40. f3 Qg5 41. Qf2
c3 42. Qc2 a4 43. Bxf8 Rxf8 44. Rxe6 Qc5+ 45. Kh1 Qxc7 46. Rbe1 Qd7 0-1

[Event "4th Al Ain Chess Classic"]
[Site "Al-Ain UAE"]
[Date "2015.12.30"]
[Round "9.35"]
[White "Sindarov, Javokhir"]
[Black "Omar, Noaman"]
[Result "1/2-1/2"]
[WhiteTitle "CM"]
[BlackTitle "IM"]
[WhiteElo "2224"]
[BlackElo "2403"]
[WhiteFideId "14205483"]
[BlackFideId "9300244"]
[EventDate "2015.12.23"]

1. e4 e6 2. Qe2 c5 3. Nf3 Nc6 4. d3 Be7 5. g3 Nf6 6. Bg2 d5 7. e5 Nd7 8. O-O b6
9. Re1 Bb7 10. c3 Qc7 11. Bf4 h6 12. h4 O-O-O 13. Na3 a6 14. d4 c4 15. Nb1 Rdg8
16. h5 g6 17. b3 b5 18. a4 Na5 19. Nfd2 gxh5 20. Qxh5 Rg6 21. axb5 axb5 22. Na3
Bxa3 23. Rxa3 cxb3 24. Nxb3 Nc4 25. Ra7 Kb8 26. Rea1 Nb2 27. Bf1 Qxc3 28. R1a3
Qc7 29. Bxb5 Nc4 30. Ra1 Qb6 31. Bxd7 Qxb3 32. Qh4 Rhg8 33. Kg2 Rg4 34. Qf6 Qd3
35. Qxf7 Qe4+ 36. Kg1 R4g7 37. Qxe6 Rxg3+ 38. Bxg3 Rxg3+ 39. fxg3 Qe3+ 40. Kh1
Qf3+ 41. Kh2 Qe2+ 42. Kg1 Qe3+ 43. Kh2 Qe2+ 44. Kh3 Qh5+ 45. Kg2 Qe2+ 1/2-1/2

[Event "4th Al Ain Chess Classic"]
[Site "Al-Ain UAE"]
[Date "2015.12.30"]
[Round "9.36"]
[White "Hesham, Abdelrahman"]
[Black "Pirverdiyev, Agil"]
[Result "0-1"]
[WhiteTitle "IM"]
[WhiteElo "2398"]
[BlackElo "2311"]
[WhiteFideId "10600183"]
[BlackFideId "13400568"]
[EventDate "2015.12.23"]

1. d4 Nf6 2. c4 e6 3. Nf3 b6 4. a3 c5 5. Nc3 cxd4 6. Nxd4 Bb7 7. Bg5 a6 8. Qc2
Qc7 9. e4 Be7 10. f3 O-O 11. Be3 Re8 12. Rc1 d6 13. Be2 Nbd7 14. O-O Rac8 15.
Qd2 Qb8 16. b4 Bd8 17. Kh1 Bc7 18. Nb3 Rcd8 19. Rfd1 d5 20. cxd5 exd5 21. Nxd5
Nxd5 22. exd5 Bxh2 23. d6 Bg3 24. Bc4 b5 25. Bf1 Nf6 26. Bf4 Bxf4 27. Qxf4 Nd5
28. Qg3 Rxd6 29. Kg1 Qd8 30. Nc5 Ba8 31. Bd3 g6 32. Be4 Qb6 33. Rd4 Nf4 34. Rxd6
Qxd6 35. Qf2 Qf6 36. Bxa8 Ne2+ 37. Kh1 Nxc1 38. Be4 Nb3 39. Qc2 Qh4+ 40. Kg1
Qe1+ 41. Kh2 Re5 0-1

[Event "4th Al Ain Chess Classic"]
[Site "Al-Ain UAE"]
[Date "2015.12.30"]
[Round "9.37"]
[White "Asadli, Vugar"]
[Black "Prathamesh, Sunil Mokal"]
[Result "1-0"]
[WhiteTitle "FM"]
[BlackTitle "IM"]
[WhiteElo "2323"]
[BlackElo "2393"]
[WhiteFideId "13405764"]
[BlackFideId "5006040"]
[EventDate "2015.12.23"]

1. e4 c5 2. c3 Nf6 3. e5 Nd5 4. d4 cxd4 5. Qxd4 e6 6. Nf3 Nc6 7. Qe4 f5 8. Qe2
Qc7 9. g3 b5 10. Bg2 Be7 11. O-O a5 12. Rd1 O-O 13. Bg5 Rb8 14. Bxe7 Ncxe7 15.
Nd4 Qb6 16. Nd2 Ba6 17. N2f3 Rbc8 18. Bf1 Nc7 19. Rac1 Rb8 20. h4 Bb7 21. Bg2
Bd5 22. b3 Ba8 23. h5 h6 24. c4 bxc4 25. bxc4 Na6 26. Nb5 Nc5 27. Rd6 Qd8 28.
Rcd1 Nc8 29. R6d4 Nb6 30. Nh4 f4 31. Bxa8 Rxa8 32. Ng6 fxg3 33. f4 Rb8 34. Nd6
Nc8 35. Nxf8 Qxf8 36. Ne4 Nb6 37. Nxg3 Nba4 38. R1d2 Rb1+ 39. Kh2 Qe7 40. Qg4
Nc3 41. Rg2 Ra1 42. Rdd2 Re1 43. Rb2 Qf8 44. Ne4 N3xe4 45. Rb8 Rh1+ 46. Kxh1
Nf2+ 47. Kg1 Nxg4 48. Rxf8+ Kxf8 49. Rxg4 Nd3 50. Rg3 Nc5 51. Kf1 Kf7 52. Ke2
Nb7 53. Kd3 Nc5+ 54. Kd4 Nb7 55. Rb3 Nd8 56. Kc5 g6 57. hxg6+ Kxg6 58. Kd6 Kf5
59. Kxd7 Nf7 60. Rf3 1-0

[Event "4th Al Ain Chess Classic"]
[Site "Al-Ain UAE"]
[Date "2015.12.30"]
[Round "9.38"]
[White "Anurag, Mhamal"]
[Black "Hojjatova, Aydan"]
[Result "1-0"]
[WhiteTitle "IM"]
[BlackTitle "WFM"]
[WhiteElo "2390"]
[BlackElo "2288"]
[WhiteFideId "5024366"]
[BlackFideId "13401491"]
[EventDate "2015.12.23"]

1. b3 e5 2. Bb2 Nc6 3. e3 Nf6 4. Bb5 Bd6 5. Na3 Qe7 6. Nc4 a6 7. Nxd6+ Qxd6 8.
Be2 O-O 9. Nf3 Qe7 10. d4 d6 11. O-O Bf5 12. c4 Rad8 13. d5 Nb8 14. b4 c6 15.
Qb3 cxd5 16. cxd5 Rc8 17. Rac1 Be4 18. Rfd1 1-0

[Event "4th Al Ain Chess Classic"]
[Site "Al-Ain UAE"]
[Date "2015.12.30"]
[Round "9.39"]
[White "Jayakumaar S"]
[Black "Visakh N R"]
[Result "0-1"]
[BlackTitle "IM"]
[WhiteElo "2169"]
[BlackElo "2388"]
[WhiteFideId "5090997"]
[BlackFideId "25012223"]
[EventDate "2015.12.23"]

1. e4 c5 2. Nf3 d6 3. Bb5+ Nd7 4. O-O Nf6 5. Re1 a6 6. Bxd7+ Nxd7 7. d4 e6 8. c4
Be7 9. Nc3 cxd4 10. Qxd4 O-O 11. Be3 Qc7 12. Red1 Qb8 13. Qd2 b5 14. cxb5 axb5
15. Bg5 f6 16. Bf4 Ne5 17. Nd4 Bd7 18. Bxe5 fxe5 19. Nf3 b4 20. Ne2 Qb6 21. Ng3
Ra5 22. Nf1 Qb7 23. Ne3 Qxe4 24. Rac1 Qb7 25. a3 Rb5 26. a4 Ra5 27. b3 e4 28.
Nd4 d5 29. Ne2 Rc5 30. Rxc5 Bxc5 31. Rc1 Qa7 32. Ng3 Kh8 33. Nd1 h6 34. Rc2
Bxf2+ 35. Nxf2 e3 36. Qxb4 exf2+ 37. Kf1 Rb8 38. Qc3 Rc8 39. Qd2 Rf8 40. Qb4 Kg8
41. Qc3 Bc8 42. Qe5 Qb6 43. Rc3 Ba6+ 44. Ne2 Rf5 0-1

[Event "4th Al Ain Chess Classic"]
[Site "Al-Ain UAE"]
[Date "2015.12.30"]
[Round "9.40"]
[White "Ashwath, R."]
[Black "Debashis, Das"]
[Result "0-1"]
[BlackTitle "GM"]
[WhiteElo "2252"]
[BlackElo "2505"]
[WhiteFideId "5021049"]
[BlackFideId "5024854"]
[EventDate "2015.12.23"]

1. d4 Nf6 2. c4 c5 3. d5 e6 4. Nc3 d6 5. Nf3 exd5 6. cxd5 g6 7. Bf4 a6 8. a4 Bg7
9. h3 O-O 10. e3 Qe7 11. Nd2 Nbd7 12. Nc4 Ne8 13. Be2 f5 14. O-O Ne5 15. Qc2
Nxc4 16. Bxc4 Nf6 17. Rfe1 Nd7 18. Bf1 Ne5 19. Bh2 g5 20. f4 Nf7 21. Bd3 Qf6 22.
Kh1 Bd7 23. e4 gxf4 24. exf5 Ne5 25. Bxf4 Nxd3 26. Qxd3 Bxf5 27. Qg3 Rad8 28.
Ne4 Bxe4 29. Rxe4 Qg6 30. Re6 Qxg3 31. Bxg3 Rf5 32. Rd1 c4 33. Rd2 Rf1+ 34. Kh2
Rb1 35. Re7 Bxb2 36. Rxb7 c3 37. Re2 Rc8 38. Rc2 Rc1 39. Rcxb2 cxb2 40. Rxb2 Rd1
41. Rb6 Rc2 42. Rxa6 Rdd2 43. h4 Rxg2+ 44. Kh3 h5 45. Rxd6 Rg1 46. Be5 Re2 47.
Re6 Re3+ 48. Kh2 Rge1 49. Bg3 Rxe6 50. dxe6 Rxe6 51. Kh1 Ra6 52. Bf2 Kf7 53. Bg1
Ke6 54. a5 Rxa5 55. Be3 Kf5 56. Bg1 Kg4 57. Bb6 Ra6 58. Bg1 Ra2 59. Bb6 Kxh4 60.
Bd8+ Kh3 61. Bb6 Rh2+ 62. Kg1 Rb2 63. Bc7 Rb1+ 64. Kf2 Rb7 65. Bd6 Rg7 66. Bb8
Rg2+ 67. Kf1 Rg4 68. Kf2 Kh4 69. Bc7 Kg5 70. Bd8+ Kf5 71. Bc7 h4 72. Ke3 h3 73.
Bh2 Rg6 74. Ke2 Ke4 75. Bc7 Rg2+ 76. Kf1 Kf3 0-1

[Event "4th Al Ain Chess Classic"]
[Site "Al-Ain UAE"]
[Date "2015.12.30"]
[Round "9.41"]
[White "Kokol, Peter"]
[Black "Arjun Kalyan"]
[Result "1-0"]
[WhiteTitle "FM"]
[WhiteElo "2363"]
[BlackElo "2107"]
[WhiteFideId "14604523"]
[BlackFideId "35018701"]
[EventDate "2015.12.23"]

1. c4 e6 2. g3 Nf6 3. Bg2 d5 4. Nf3 Be7 5. O-O O-O 6. b3 c5 7. Bb2 Nc6 8. cxd5
Nxd5 9. Nc3 Bf6 10. Qc1 b6 11. Nxd5 exd5 12. d4 Nxd4 13. Nxd4 cxd4 14. Qd2 Ba6
15. Rfe1 Re8 16. Rac1 g6 17. h4 Rc8 18. Rxc8 Qxc8 19. Bf3 Qc5 20. Rc1 Qe7 21.
Bxd4 Bxd4 22. Qxd4 Bxe2 23. Re1 Bxf3 24. Rxe7 Rxe7 25. Qc3 Be4 26. f3 Bf5 27. g4
Be6 28. Qf6 Re8 29. h5 gxh5 30. gxh5 h6 31. Qxh6 d4 32. Qf6 Kh7 33. Qxd4 Rg8+
34. Kf2 Rg5 35. Qe4+ Kh6 36. Qa8 Rxh5 37. Qxa7 b5 38. a4 bxa4 39. bxa4 Rf5 40.
Ke3 Re5+ 41. Kf4 Rf5+ 42. Ke4 Kg5 43. Qe7+ Kg6 44. Qd8 Rf6 45. Qc7 Bf5+ 46. Ke3
Re6+ 47. Kf4 Bd3 48. a5 Kg7 49. Qc3+ 1-0

[Event "4th Al Ain Chess Classic"]
[Site "Al-Ain UAE"]
[Date "2015.12.30"]
[Round "9.43"]
[White "Pujari, Rucha"]
[Black "Kulkarni, Bhakti"]
[Result "1/2-1/2"]
[WhiteTitle "WFM"]
[BlackTitle "CM"]
[WhiteElo "2158"]
[BlackElo "2328"]
[WhiteFideId "5024528"]
[BlackFideId "5019516"]
[EventDate "2015.12.23"]

1. d4 e6 2. c4 f5 3. g3 Nf6 4. Bg2 d5 5. Nf3 c6 6. O-O Bd6 7. Bf4 Be7 8. Nbd2
O-O 9. h4 Ne4 10. e3 Nxd2 11. Qxd2 Nd7 12. Qe2 Qe8 13. Ne5 Nf6 14. Rfc1 Bd6 15.
Nd3 Qe7 16. c5 Bc7 17. a4 a5 18. Ra3 Ng4 19. Bxc7 Qxc7 20. f4 Nf6 21. Bf3 Bd7
22. Rb3 Be8 23. Kh2 h5 24. Ne5 g6 25. Rb6 Nd7 26. Nxd7 Bxd7 27. Rb1 Ra7 1/2-1/2

[Event "4th Al Ain Chess Classic"]
[Site "Al-Ain UAE"]
[Date "2015.12.30"]
[Round "9.44"]
[White "Danielyan, Vahe"]
[Black "Mammadova, Narmin"]
[Result "0-1"]
[BlackTitle "WCM"]
[WhiteElo "2307"]
[BlackElo "2167"]
[WhiteFideId "13304828"]
[BlackFideId "13403710"]
[EventDate "2015.12.23"]

1. e4 c6 2. c4 d5 3. exd5 cxd5 4. cxd5 Qxd5 5. Nc3 Qd8 6. Nf3 Nf6 7. Bc4 e6 8.
O-O Be7 9. d4 O-O 10. a3 Nc6 11. Bb3 b6 12. Bg5 Bb7 13. Re1 Nd5 14. h4 Bxg5 15.
hxg5 Nxc3 16. bxc3 Na5 17. Bc2 Bxf3 18. Qxf3 Qxg5 19. Re5 Qf6 20. Rh5 Qxf3 21.
Bxh7+ Kh8 22. gxf3 g6 23. Bxg6+ Kg7 24. Bd3 Rac8 25. Rc1 Rfd8 26. Kh2 Kf6 27.
Rh4 Ke7 28. Ba6 Rc7 29. c4 Nc6 30. d5 Ne5 31. Rh3 Rxd5 32. cxd5 Rxc1 33. dxe6
Kxe6 34. f4 Ng6 35. Rh6 Kf6 36. a4 Kg7 37. Rh5 Nxf4 38. Rf5 Ne6 39. Rd5 Nc7 40.
Rg5+ Kf6 41. Rh5 Nxa6 42. a5 0-1

[Event "4th Al Ain Chess Classic"]
[Site "Al-Ain UAE"]
[Date "2015.12.30"]
[Round "9.45"]
[White "Nitish, Belurkar"]
[Black "Ahmed, Fareed"]
[Result "1-0"]
[WhiteTitle "CM"]
[BlackTitle "FM"]
[WhiteElo "2304"]
[BlackElo "1970"]
[WhiteFideId "5084768"]
[BlackFideId "9303677"]
[EventDate "2015.12.23"]

1. d4 Nf6 2. Nf3 e6 3. Bg5 c5 4. e3 b6 5. Bd3 Bb7 6. Nbd2 Be7 7. c3 O-O 8. O-O
d6 9. Qe2 cxd4 10. Bxf6 Bxf6 11. exd4 Be7 12. Rfe1 Nd7 13. Ne4 Nf6 14. Neg5 g6
15. Bc4 d5 16. Bd3 Bc8 17. Ne5 Bd7 18. g3 Ne8 19. Ngf3 Nd6 20. h4 b5 21. h5 Bf6
22. Kg2 Be8 23. Rh1 a5 24. Rh2 Ra7 25. Rah1 b4 26. Ng4 bxc3 27. bxc3 Rc7 28.
hxg6 hxg6 29. Qe5 1-0

[Event "4th Al Ain Chess Classic"]
[Site "Al-Ain UAE"]
[Date "2015.12.30"]
[Round "9.46"]
[White "Abdulla, Khayala"]
[Black "Parnali, S Dharia"]
[Result "0-1"]
[WhiteTitle "WGM"]
[BlackTitle "WIM"]
[WhiteElo "2256"]
[BlackElo "2002"]
[WhiteFideId "13401807"]
[BlackFideId "5043131"]
[EventDate "2015.12.23"]

1. e4 e5 2. Nf3 Nc6 3. Bb5 a6 4. Ba4 Nf6 5. d3 b5 6. Bb3 Bc5 7. Nc3 h6 8. Nd5
O-O 9. O-O Bb7 10. Be3 d6 11. Qd2 Nd4 12. Nxf6+ Qxf6 13. Bxd4 Bxd4 14. Nxd4 exd4
15. f4 c5 16. Rae1 Rac8 17. Qe2 d5 18. Bxd5 Bxd5 19. exd5 Rfd8 20. Qh5 c4 21.
dxc4 Rxc4 22. Rf2 d3 23. cxd3 Rxf4 24. Rxf4 Qxf4 25. Qe5 Qb4 26. Rc1 Qd2 27. Rc6
Rxd5 28. Qe8+ Kh7 29. Qxf7 Qxd3 30. Qf1 Qd4+ 31. Qf2 Qxf2+ 32. Kxf2 Rd2+ 33. Ke3
Rxb2 34. Rxa6 Rxg2 35. h4 Rg4 36. Ra5 Rxh4 37. Rxb5 Ra4 38. Rb2 h5 39. Kd3 h4
40. Rh2 g5 41. Kc3 Kg6 42. Kb3 Ra8 43. Kc4 Kh5 44. Kd4 g4 45. Rb2 g3 46. Rb7
Rxa2 47. Rg7 Ra5 48. Ke3 Rg5 49. Rh7+ Kg4 0-1

[Event "4th Al Ain Chess Classic"]
[Site "Al-Ain UAE"]
[Date "2015.12.30"]
[Round "9.47"]
[White "Hakobyan, Hovhannes H."]
[Black "Aradhya, Garg"]
[Result "1-0"]
[WhiteElo "2112"]
[BlackElo "2316"]
[WhiteFideId "13306308"]
[BlackFideId "25006746"]
[EventDate "2015.12.23"]

1. e4 e5 2. Nf3 Nc6 3. d4 exd4 4. Nxd4 Nf6 5. Nxc6 bxc6 6. e5 Qe7 7. Qe2 Nd5 8.
c4 Nb6 9. Nc3 Qe6 10. Qe4 g6 11. f4 Bg7 12. c5 Nd5 13. Bc4 Bb7 14. Be3 O-O 15.
O-O-O Rab8 16. Nxd5 cxd5 17. Bxd5 Bxd5 18. Qxd5 Qa6 19. Kb1 Rb5 20. Qxd7 Rfb8
21. Rd2 Bf8 22. Rhd1 Qb7 23. Bd4 Bxc5 24. Bc3 Bb4 25. e6 Qe4+ 26. Ka1 Qxe6 27.
Qxc7 Bf8 28. Rd8 Qe2 29. Re1 Rxd8 30. Qxd8 Qxg2 31. Qf6 1-0

[Event "4th Al Ain Chess Classic"]
[Site "Al-Ain UAE"]
[Date "2015.12.30"]
[Round "9.48"]
[White "Iniyan, P"]
[Black "San Juan, Dennis"]
[Result "1-0"]
[WhiteElo "2275"]
[BlackElo "2101"]
[WhiteFideId "25002767"]
[BlackFideId "5207533"]
[EventDate "2015.12.23"]

1. d4 Nf6 2. c4 e6 3. Nc3 d5 4. Bg5 Be7 5. e3 O-O 6. Nf3 Nbd7 7. Rc1 a6 8. cxd5
exd5 9. Bd3 b6 10. O-O Bb7 11. Qe2 Re8 12. Rfd1 Ne4 13. Bf4 Bd6 14. Bxd6 Nxd6
15. Qc2 h6 16. Ne2 Rc8 17. Nf4 Nf6 18. Ne5 c5 19. Qe2 c4 20. Bb1 Nd7 21. Qc2 Ne4
22. Nf3 Qe7 23. Nd2 Ndf6 24. Nf1 b5 25. f3 Nd6 26. Re1 Rcd8 27. Ng3 g6 28. Qc3
Qc7 29. Re2 Re7 30. Qc2 Nh7 31. Nxg6 fxg6 32. Qxg6+ Rg7 33. Qxh6 Nf7 34. Qh4
Nfg5 35. Kh1 Rf8 36. Nf5 Rd7 37. e4 dxe4 38. fxe4 Kh8 39. Re3 Qc6 40. d5 Qc5 41.
Qe1 b4 42. Qg3 Qc7 43. h4 Qxg3 44. Rxg3 Nf7 45. Rxc4 a5 46. Rc5 Rc8 47. Rxc8+
Bxc8 48. Bd3 Rc7 49. d6 Rc1+ 50. Kh2 Bxf5 51. exf5 Nxd6 52. Rg6 Rc6 53. Be4 Nxe4
54. Rxc6 Nhf6 55. Ra6 1-0

[Event "4th Al Ain Chess Classic"]
[Site "Al-Ain UAE"]
[Date "2015.12.30"]
[Round "9.49"]
[White "Mammadov, Gulam"]
[Black "Ismael, Namir Mohammed Ismael"]
[Result "1-0"]
[BlackTitle "CM"]
[WhiteElo "2086"]
[BlackElo "2254"]
[WhiteFideId "13404040"]
[BlackFideId "4800800"]
[EventDate "2015.12.23"]

1. Nf3 Nf6 2. g3 g6 3. Bg2 Bg7 4. O-O O-O 5. d3 c5 6. e4 Nc6 7. Nc3 d6 8. h3 Rb8
9. Be3 b6 10. Qd2 Bb7 11. Bh6 Nd4 12. Nxd4 cxd4 13. Ne2 e5 14. Bxg7 Kxg7 15. f4
Nd7 16. c3 dxc3 17. Nxc3 b5 18. Kh2 b4 19. Nd1 Nc5 20. f5 f6 21. fxg6 hxg6 22.
Ne3 Rf7 23. Rf2 Bc8 24. Raf1 Be6 25. h4 b3 26. a3 Nd7 27. Bh3 Qe7 28. Bxe6 Qxe6
29. Kg2 Rh8 30. Rh1 Nb6 31. h5 gxh5 32. Nf5+ Kf8 33. Rhf1 Rfh7 34. Nxd6 Nd7 35.
Nf5 h4 36. g4 Rg8 37. Kh3 Qb6 38. Rf3 Ke8 39. Qc3 Nc5 40. Ne3 Rf7 41. Nd5 Qe6
42. Rf5 Qd6 43. Rxf6 Rxf6 44. Rxf6 Qd7 45. Qxe5+ 1-0

[Event "4th Al Ain Chess Classic"]
[Site "Al-Ain UAE"]
[Date "2015.12.30"]
[Round "9.50"]
[White "Mohannad, Farhan"]
[Black "Sameir, Ramez"]
[Result "1-0"]
[WhiteTitle "FM"]
[WhiteElo "2253"]
[BlackElo "2080"]
[WhiteFideId "8100918"]
[BlackFideId "10606017"]
[EventDate "2015.12.23"]

1. d4 e6 2. c4 d5 3. Nc3 Nf6 4. cxd5 exd5 5. Bg5 Be7 6. e3 O-O 7. Bd3 Nbd7 8.
Qc2 Re8 9. Nf3 c6 10. O-O Nf8 11. Rab1 a5 12. a3 Ne4 13. Bxe7 Qxe7 14. b4 axb4
15. axb4 Ng6 16. b5 Bg4 17. Bxe4 dxe4 18. Nd2 f5 19. bxc6 bxc6 20. h3 Bh5 21.
Qb3+ Kh8 22. Qb7 Qg5 23. Qc7 Rec8 24. Qg3 Qd8 25. Nc4 f4 26. exf4 Qxd4 27. Nb6
Ra3 28. Nxc8 Rxc3 29. Qg5 Rc5 30. f5 Qd7 31. Rb8 Qc7 32. Ra8 Qb7 33. Qd8+ 1-0

[Event "4th Al Ain Chess Classic"]
[Site "Al-Ain UAE"]
[Date "2015.12.30"]
[Round "9.51"]
[White "Yogit, S"]
[Black "Ashid, Tsetsegulzii"]
[Result "1-0"]
[WhiteElo "2239"]
[BlackElo "1869"]
[WhiteFideId "5009332"]
[BlackFideId "4902904"]
[EventDate "2015.12.23"]

1. e4 e6 2. d4 d5 3. Nc3 Bb4 4. e5 Ne7 5. a3 Bxc3+ 6. bxc3 b6 7. Qg4 Ng6 8. h4
h5 9. Qg3 Ba6 10. Bd3 Bxd3 11. cxd3 c5 12. Nf3 Nc6 13. Bg5 Qc7 14. O-O Rh7 15.
Rac1 Nge7 16. Bxe7 Nxe7 17. c4 Rc8 18. cxd5 Nxd5 19. Ng5 Rh8 20. Ne4 g6 21. Nd6+
Ke7 22. Qg5+ Kf8 23. Nxc8 Qxc8 24. dxc5 bxc5 25. Rc2 Kg7 26. Rfc1 Qa6 27. Rxc5
Qxa3 28. Rxd5 exd5 29. Qf6+ Kh7 30. Qxf7+ Kh6 31. Qf4+ 1-0

[Event "4th Al Ain Chess Classic"]
[Site "Al-Ain UAE"]
[Date "2015.12.30"]
[Round "9.52"]
[White "Rahul Srivatshav P"]
[Black "Mkrtchyan, Sargis R."]
[Result "1-0"]
[WhiteElo "2086"]
[BlackElo "2236"]
[WhiteFideId "25059653"]
[BlackFideId "13307878"]
[EventDate "2015.12.23"]

1. d4 Nf6 2. c4 g6 3. Nc3 d5 4. cxd5 Nxd5 5. e4 Nxc3 6. bxc3 Bg7 7. Nf3 c5 8.
Be3 Qa5 9. Qd2 Nc6 10. Rb1 a6 11. Rc1 cxd4 12. cxd4 Qxd2+ 13. Kxd2 e6 14. Bd3
Bd7 15. Rc4 O-O 16. h4 Rfc8 17. h5 Bf8 18. hxg6 hxg6 19. Rhc1 Ba3 20. Rh1 Nb4
21. Bg5 f6 22. Bxf6 Rf8 23. Rh8+ Kf7 24. Ne5+ 1-0

[Event "4th Al Ain Chess Classic"]
[Site "Al-Ain UAE"]
[Date "2015.12.30"]
[Round "9.53"]
[White "Mayed AlRashedi"]
[Black "Parvanyan, Ashot"]
[Result "0-1"]
[WhiteTitle "FM"]
[WhiteElo "1895"]
[BlackElo "2197"]
[WhiteFideId "9303871"]
[BlackFideId "13307550"]
[EventDate "2015.12.23"]

1. e4 e6 2. d4 d5 3. Nd2 c5 4. exd5 Qxd5 5. Ngf3 cxd4 6. Bc4 Qd6 7. Qe2 Nc6 8.
Nb3 Nf6 9. Bg5 h6 10. Bxf6 gxf6 11. O-O-O Qc7 12. Nbxd4 Nxd4 13. Nxd4 Bd7 14.
Bb5 O-O-O 15. Bxd7+ Rxd7 16. Nb5 Qf4+ 17. Kb1 Bc5 18. Rxd7 Kxd7 19. Rd1+ Ke7 20.
Qd3 Kf8 21. g3 Qa4 22. Nc3 Qc6 23. Ne4 Be7 24. Nc3 Qg2 25. Qe3 b6 26. h4 Kg7 27.
Ne4 Rd8 28. Rxd8 Bxd8 29. a3 Be7 30. c4 f5 31. Qd4+ Kg6 32. h5+ Kxh5 33. Nf6+
Bxf6 34. Qxf6 Qf1+ 35. Ka2 Qxc4+ 36. Ka1 Qf1+ 37. Ka2 Qxf2 38. Qxf7+ Kg4 39.
Qxa7 Kxg3 40. Qg7+ Kf3 41. Qxh6 Qe3 42. Qh1+ Kg3 43. Qh5 f4 44. Qg5+ Kf2 0-1

[Event "4th Al Ain Chess Classic"]
[Site "Al-Ain UAE"]
[Date "2015.12.30"]
[Round "9.54"]
[White "Asgarova, Turan"]
[Black "Wafa, Shrook"]
[Result "1-0"]
[BlackTitle "WGM"]
[WhiteElo "1935"]
[BlackElo "2115"]
[WhiteFideId "13403451"]
[BlackFideId "10609970"]
[EventDate "2015.12.23"]

1. e4 c5 2. Nf3 d6 3. d4 cxd4 4. Nxd4 Nf6 5. Nc3 g6 6. Be3 Bg7 7. f3 Nc6 8. Qd2
Bd7 9. O-O-O O-O 10. g4 Ne5 11. h4 Qa5 12. Kb1 Rfc8 13. h5 b5 14. hxg6 fxg6 15.
Bh6 Bxh6 16. Qxh6 Rxc3 17. g5 Nf7 18. Qh4 Nxg5 19. Qxg5 Rc5 20. Qe3 Qc7 21. f4
Rc8 22. f5 gxf5 23. exf5 Bxf5 24. Nxf5 Rxf5 25. Qe6+ Kh8 26. Qxf5 1-0

[Event "4th Al Ain Chess Classic"]
[Site "Al-Ain UAE"]
[Date "2015.12.30"]
[Round "9.56"]
[White "Saiid, Samir"]
[Black "Algildah, Khalid"]
[Result "0-1"]
[BlackTitle "FM"]
[WhiteElo "2200"]
[BlackElo "2086"]
[WhiteFideId "10601546"]
[BlackFideId "7600828"]
[EventDate "2015.12.23"]

1. e4 g6 2. d4 Bg7 3. Nf3 c6 4. Be2 d5 5. e5 Bg4 6. h3 Bxf3 7. Bxf3 e6 8. c3 c5
9. Qb3 Qc7 10. Na3 a6 11. Be3 Ne7 12. g4 Nbc6 13. dxc5 Nxe5 14. Be2 O-O 15. Qc2
Nd7 16. h4 Nxc5 17. h5 Ne4 18. Bd3 b5 19. Bxe4 dxe4 20. O-O-O Rfc8 21. Kb1 Rab8
22. Qxe4 Nd5 23. hxg6 hxg6 24. Bd4 b4 25. Bxg7 Kxg7 26. Nc2 b3 27. axb3 Nxc3+
28. bxc3 Rxb3+ 29. Kc1 Rxc3 30. Rd2 Rc4 31. Qd3 Qa5 32. Qb3 Rb4 33. Rh7+ Kxh7
34. Qh3+ Kg8 35. Kd1 Rb1+ 36. Ke2 Rxc2 0-1

[Event "4th Al Ain Chess Classic"]
[Site "Al-Ain UAE"]
[Date "2015.12.30"]
[Round "9.57"]
[White "Abtini, Hasan"]
[Black "Khalafova, Narmin"]
[Result "0-1"]
[BlackTitle "WIM"]
[WhiteElo "1992"]
[BlackElo "2138"]
[WhiteFideId "7601506"]
[BlackFideId "13402625"]
[EventDate "2015.12.23"]

1. e4 c5 2. Nf3 Nc6 3. d4 cxd4 4. Nxd4 e5 5. Nb5 d6 6. N1c3 a6 7. Na3 b5 8. Nd5
Be6 9. c4 b4 10. Nc2 a5 11. Be3 Rb8 12. Be2 g6 13. g4 Bg7 14. Qd2 Nf6 15. Bg5
Bxd5 16. cxd5 Ne7 17. f3 h6 18. Be3 h5 19. g5 Nd7 20. h4 O-O 21. O-O Kh7 22. Ne1
f6 23. Nd3 f5 24. Rac1 Nb6 25. b3 Nbxd5 26. exd5 Nxd5 27. Nf2 Nc3 28. Nd1 f4 29.
Bf2 e4 30. fxe4 f3 31. Bd3 Qd7 32. Bg3 Qg4 33. Kh2 Be5 34. Bxe5 Qxh4+ 35. Kg1
dxe5 36. Ne3 Qxg5+ 37. Kh1 Rf4 38. Rf2 Rh4+ 39. Rh2 Rxh2+ 40. Kxh2 Rf8 41. Rc2
Rf4 42. Qf2 Rh4+ 43. Qxh4 Qxh4+ 44. Kg1 Qe1+ 45. Nf1 Ne2+ 0-1

[Event "4th Al Ain Chess Classic"]
[Site "Al-Ain UAE"]
[Date "2015.12.30"]
[Round "9.58"]
[White "Wettasinha, Vasanta"]
[Black "Anisuzzaman, Jewel"]
[Result "1-0"]
[WhiteElo "1858"]
[BlackElo "2078"]
[WhiteFideId "9904433"]
[BlackFideId "10204695"]
[EventDate "2015.12.23"]

1. e4 d5 2. exd5 Qxd5 3. Nc3 Qd6 4. d4 Nf6 5. Nf3 Bg4 6. Be3 c6 7. h3 Bh5 8. Be2
Nbd7 9. O-O e6 10. Re1 Be7 11. Qd2 Qc7 12. a3 O-O 13. Bf4 Qd8 14. g4 Bg6 15. Nh4
Be4 16. g5 Bd5 17. gxf6 Bxf6 18. Nxd5 cxd5 19. Nf3 Rc8 20. c3 a6 21. Bg5 h6 22.
Bxf6 Qxf6 23. Qe3 Rfe8 24. Bd3 Qe7 25. Ne5 Nf8 26. Qg3 Rc7 27. Kh1 f5 28. Ng6
Nxg6 29. Qxg6 Qf7 30. Bxf5 Qxg6 31. Bxg6 Ree7 32. Re5 b5 33. Rae1 Rc6 34. f4 a5
35. Bd3 b4 36. axb4 axb4 37. cxb4 Rf7 38. f5 exf5 39. Bxf5 Rf8 40. Be6+ Kh7 41.
Bxd5 Rb6 42. b5 Rf4 43. Be4+ Kg8 44. Kg2 g5 45. Rf1 Rh4 46. Kg3 Rb8 47. Rff5 Kh8
48. Re7 Rf4 49. Rc5 Kg8 50. Ree5 Rf1 51. Bd5+ Kf8 52. Bc4 Rg1+ 53. Kf3 Rh1 54.
Rf5+ Kg7 55. Kg2 Rd1 56. Rf7+ Kg6 57. Rc6+ 1-0